000
00271nam a22001217a 4500
003
SGT
082
_a
823
_b
MUN
100
_a
MUNRO ALICE
245
_a
SOMETHING I'VE BEEN MEANING TO TELL YOU
260
_a
LONDON
_b
VINTAGE PUB
_c
2014
300
_a
289
942
_2
ddc
_c
BK
999
_c
34005
_d
34005